000 00884nam a2200253Ia 4500
003 OSt
005 20220923215143.0
006 a|||||r|||| 00| 0
007 ta
008 220922b |||||||| |||| 00| 0 hin d
024 _a176,024
037 _cTextual
040 _aARTS
_cARTS
_bhin
041 _2hin
_ahin
082 _aO152jM77, L7
100 _aतिवारी, मोहन लाल
245 0 _aपदम सिंह शर्मा
_b शती स्मृति ग्रंथ
246 _aPadam sianha sharmā: shatī smṛuti grantha
260 _aवाराणसी
_b नागरी प्रचारिणी सभा
_c1977
300 _a230 i`-0
_ccm.
650 _aहिन्दी साहित्य
_9156264
942 _hO152jM77, L7
_cTEXL
_2CC
999 _c329700
_d329700